01121njm a2200241Ia 450000100060000000300090000600500170001500800410003204000130007304000130008610000110009910000180011010000380012824500270016625000110019326000110020426000580021530000100027330000290028350001170031250504020042965000480083166273IT-RoPAU20220918181121.0131025s9999 xx 000 0 und d aIT-RoPAU cIT-RoPAU aAA.VV. eAutore musica gCodice autore musica SPICS: 12000 aEffetti sonori vol. 06 a1a ed. aMILANO bSCIASCIAc1974 [1a Ed.:1974 - Ed. Lingua Orig.: 1974] aDISCO c31 minuti (Testo: pag.) aModerna collezione di effetti sonori per uso industriale, radio, tv, cinema, teatro, pubblicità e cineamatori. aSuoni di impianti di divertimento all'aperto - Luna Park - Ottovolante - Giostra - Grida (da un ottovolante) - Fuochi d'artificio - Gioco di Luna Park - Corse di vecchie auto truccate - Bambini in piscina - Macchinetta mangiasoldi - Sala da giochi con macchine a gettoni - Flipper - Bowling - Raddrizzatore automatico di birilli - Sala bigliardo - Bigliardo - Pattini a rotelle - Pianola a gettone aRUMORI [DISCHI]eCodice MATERIA SPICS: 9950